Normal view
MARC view
- Lilley, Linda Lane
Entry Personal Name
001 - CONTROL NUMBER
- control field: 23279
003 - CONTROL NUMBER IDENTIFIER
- control field: OSt
005 - DATE AND TIME OF LATEST TRANSACTION
- control field: 20171114231926.0
008 - FIXED-LENGTH DATA ELEMENTS
- fixed length control field: 171114|| aca||aabn | a|a d
040 ## - CATALOGING SOURCE
- Original cataloging agency: OSt
100 ## - HEADING--PERSONAL NAME
- Personal name: Lilley, Linda Lane
